Songs by artist - 1 - Statistics

General Stats
  • This quiz has been taken 42 times
  • The average score is 65 of 120
Answer Stats
Question Tile Select % Correct
Lady Gaga's songs Side To Side No
97%
Lady Gaga's songs Bad Romance Yes
94%
Lady Gaga's songs Emergency No
94%
Lady Gaga's songs Roses No
94%
Lady Gaga's songs Both Of Us No
91%
Katy Perry's songs A Year Without Rain No
89%
Katy Perry's songs Believe No
89%
Katy Perry's songs Footprints No
89%
Lady Gaga's songs Respect No
89%
Katy Perry's songs Shut Up And Drive No
89%
Ed Sheeran's songs Sunflower, Vol. 6 No
89%
Adele's songs 1000 Doves No
86%
Adele's songs Back To Black No
86%
Katy Perry's songs Black Widow No
86%
Ed Sheeran's songs Closer No
86%
Ed Sheeran's songs Counting Stars No
86%
Katy Perry's songs Domino No
86%
Katy Perry's songs Firework Yes
86%
Beyoncé's songs Ghosting No
86%
Adele's songs Smile No
86%
Beyoncé's songs Tiny Little Bows No
86%
Ed Sheeran's songs What Do You Mean? No
86%
Adele's songs Wings No
86%
Taylor Swift's songs Bloody Mary No
83%
Adele's songs Hello Yes
83%
Taylor Swift's songs Lips Are Movin' No
83%
The Weeknd's songs Maps No
83%
The Weeknd's songs Medellin No
83%
The Weeknd's songs Peaches No
83%
Beyoncé's songs Stronger No
83%
The Weeknd's songs Timber No
83%
Taylor Swift's songs Venice Bitch No
83%
Beyoncé's songs Bad Idea No
80%
Adele's songs Counting Stars No
80%
Ed Sheeran's songs Girls Like You No
80%
The Weeknd's songs Hallucinate No
80%
Taylor Swift's songs Love Story Yes
80%
Taylor Swift's songs Petty No
80%
Adele's songs Set Fire To The Rain Yes
80%
Beyoncé's songs Someone In The Crowd No
80%
Beyoncé's songs Crazy In Love Yes
77%
Taylor Swift's songs Happier Than Ever No
77%
The Weeknd's songs Stay With Me No
77%
Harry Styles' songs Bad Blood No
71%
Lady Gaga's songs Jesus No
71%
Harry Styles' songs Silver No
71%
Ed Sheeran's songs Habits (Stay High) No
69%
Harry Styles' songs Pillowtalk No
69%
Adele's songs Fire Under My Feet No
66%
Harry Styles' songs Perfect No
66%
The Weeknd's songs Starboy Yes
66%
The Weeknd's songs The Hills Yes
66%
Ed Sheeran's songs I Don't Care Yes
63%
Beyoncé's songs If I Were A Boy Yes
63%
Dua Lipa's songs One Last Song No
63%
Dua Lipa's songs Anywhere No
60%
Katy Perry's songs Bon Appétit Yes
60%
Dua Lipa's songs Lighthouse No
60%
Lady Gaga's songs Telephone Yes
60%
Dua Lipa's songs Cherry Pop No
57%
Dua Lipa's songs All That No
54%
Taylor Swift's songs Midnight Sky No
54%
Dua Lipa's songs Promises No
54%
Lorde's songs Snow On The Beach No
54%
Taylor Swift's songs Getaway Car Yes
51%
The Weeknd's songs I Feel It Coming Yes
51%
Harry Styles' songs Little Things No
51%
The Weeknd's songs In Your Eyes Yes
49%
Lorde's songs The MoMa No
49%
Lorde's songs Apples No
46%
Adele's songs Chasing Pavements Yes
46%
Ed Sheeran's songs Barcelona Yes
43%
Lorde's songs Don't Go Yet No
43%
Beyoncé's songs Drunk In Love Yes
43%
Harry Styles' songs Kiwi Yes
43%
Adele's songs Love In The Dark Yes
43%
Harry Styles' songs Music For a Sushi Restaurant Yes
43%
The Weeknd's songs After Hours Yes
40%
Harry Styles' songs Best Song Ever No
40%
Harry Styles' songs Lights Up Yes
40%
Lorde's songs Ghost No
37%
Lorde's songs Official No
37%
Ed Sheeran's songs Don't Yes
34%
Dua Lipa's songs We're Good Yes
34%
Beyoncé's songs CUFF IT Yes
31%
Lady Gaga's songs G.U.Y. Yes
31%
Dua Lipa's songs Hotter Than Hell Yes
31%
Lady Gaga's songs Joanne Yes
31%
Lady Gaga's songs Marry The Night Yes
31%
Beyoncé's songs 7/11 Yes
29%
Katy Perry's songs Birthday Yes
29%
Dua Lipa's songs Good In Bed Yes
29%
Beyoncé's songs Green Light Yes
29%
Katy Perry's songs Daisies Yes
26%
Beyoncé's songs Formation Yes
26%
Taylor Swift's songs Maroon Yes
26%
Katy Perry's songs Peacock Yes
26%
Taylor Swift's songs the 1 Yes
26%
Katy Perry's songs Waking Up In Vegas Yes
26%
Dua Lipa's songs Cool Yes
23%
Taylor Swift's songs Everything Has Changed Yes
23%
Harry Styles' songs Meet Me in the Hallway Yes
23%
Harry Styles' songs Cinema Yes
20%
Ed Sheeran's songs First Times Yes
20%
Lorde's songs Ribs Yes
20%
Ed Sheeran's songs Supermarket Flowers Yes
20%
Harry Styles' songs Canyon Moon Yes
17%
Adele's songs I Drink Wine Yes
17%
The Weeknd's songs Sacrifice Yes
17%
Lorde's songs Supercut Yes
17%
Lorde's songs Buzzcut Season Yes
14%
Lorde's songs California Yes
11%
Lorde's songs Homemade Dynamite Yes
11%
Dua Lipa's songs Lost In Your Light Yes
9%
Ed Sheeran's songs Overpass Graffiti Yes
9%
Dua Lipa's songs Genesis Yes
6%
Taylor Swift's songs Glitch Yes
6%
Lady Gaga's songs Grigio Girls Yes
6%
Adele's songs Sweetest Devotion Yes
3%
Lorde's songs Fallen Fruit Yes
0%
No matching quizzes found
Score Distribution
Percent of People with Each Score
Percentile by Number Answered
Your Score History
You have not taken this quiz